| 000 | 00395nam a22001697a 4500 | ||
|---|---|---|---|
| 005 | 20160524121959.0 | ||
| 008 | 160524b xxu||||| |||| 00| 0 eng d | ||
| 020 | _a0-07-058159-2 | ||
| 041 | _aeng | ||
| 082 | _b4600 | ||
| 100 |
_aSengupta Subroto _91138 |
||
| 245 | _aBrand Positing | ||
| 260 |
_aNew Delhi _bAcademic Faundation |
||
| 300 | _a285 | ||
| 650 |
_aManagement _9241 |
||
| 942 | _cBK | ||
| 999 |
_c1544 _d1543 |
||